La terre et l'évolution humaine / (Record no. 61933)

MARC details
000 -LEADER
campo de control de longitud fija 00637nam a2200193 i 4500
001 - NÚMERO DE CONTROL
campo de control 61933
003 - IDENTIFICADOR DE NÚMERO DE CONTROL
campo de control ES-MaACL
007 - CAMPO FIJO DE DESCRIPCIÓN FÍSICA--INFORMACIÓN GENERAL
campo de control de longitud fija t|
008 - DATOS DE LONGITUD FIJA--INFORMACIÓN GENERAL
campo de control de longitud fija 031114s1970 fr ||||1| fre d
100 1# - ENTRADA PRINCIPAL--NOMBRE DE PERSONA
Nombre de persona Febvre, Lucien,
Fechas asociadas al nombre 1878-1956
9 (RLIN) 49047
245 13 - MENCIÓN DEL TÍTULO
Título La terre et l'évolution humaine /
Mención de responsabilidad, etc. Lucien Febvre ; avec le concours de Lionel Bataillon.
260 ## - PUBLICACIÓN, DISTRIBUCIÓN, ETC.
Lugar de publicación, distribución, etc. [Paris] :
Nombre del editor, distribuidor, etc. Albin Michel,
Fecha de publicación, distribución, etc. [1970]
300 ## - DESCRIPCIÓN FÍSICA
Extensión 444 p. :
Otras características físicas il. ;
Dimensiones 18 cm.
490 1# - MENCIÓN DE SERIE
Mención de serie L'évolution de l'humanité
700 1# - ENTRADA AGREGADA--NOMBRE PERSONAL
Nombre de persona Bataillon, Lionel.
9 (RLIN) 26394
830 0# - PUNTO DE ACCESO ADICIONAL DE SERIE-TÍTULO UNIFORME
Título uniforme L'évolution de l'humanité
9 (RLIN) 181507
852 ## - LOCALIZACIÓN
Ubicación ES-MaACL
Número de control de estantería E-5702
Sublocalización o colección R.90032
Holdings
Estatus retirado Estado de pérdida Estado de daño No para préstamo Biblioteca de origen Biblioteca actual Ubicación en estantería Fecha de adquisición Fuente de adquisición Total de préstamos Signatura topográfica completa Código de barras Visto por última vez Precio de reemplazo Tipo de ítem Koha
        Biblioteca del Ateneo de Madrid Biblioteca del Ateneo de Madrid Depósito 2 17/01/2008     E-5702 1064934 23/02/2023 23/02/2023 Libro impreso